000 00314cam a22001211 4500
008 720210s1961 nyua 000 0 eng
082 _a338.4768114
100 1 _aCahn, William,
_d1912-
245 1 4 _aThe story of Pitney-Bowes.
250 _a[1st ed.]
260 _aNew York,
_bHarper
_c[1961]
650 0 _aPostal service
999 _c2156
_d2156